Yüklüyor......

'Who is Bharat Mata?' : on history, culture and the idea of India : writings by and on Jawaharlal Nehru /

Detaylı Bibliyografya
Yazar: Nehru, Jawaharlal, 1889-1964
Diğer Yazarlar: Agravāla, Purushottama (Editör, Giriş yazarı, vb.)
Materyal Türü: Printed Book
Dil:English
Baskı/Yayın Bilgisi: New Delhi : Speaking Tiger, 2019.
Konular:
LEADER 01714cam a2200445 i 4500
001 21242693
003 OSt
005 20201125161515.0
008 190831s2019 ii b 000 0deng d
010 |a  2019337432 
020 |a 9789386702845  |q (paperback) 
020 |a 9386702843 
020 |z 9789386702852  |q (ebook) 
020 |a 9386702878 
020 |a 9789386702876 
025 |a I-E-2019337432; 61-92; 62-92 
035 |a (OCoLC)on1115079924 
035 |a (OCoLC)1115079924  |z (OCoLC)1109970253 
037 |b Library of Congress -- New Delhi Overseas Office 
040 |a DKAGE  |b eng  |e rda  |c DKAGE  |d YDX  |d DKAGE  |d OCLCO  |d DLC 
042 |a lccopycat  |a lcode 
043 |a a-ii--- 
050 0 0 |a DS481.N35  |b A25 2019 
082 0 4 |a 954  |2 23  |b NEH 
100 1 |a Nehru, Jawaharlal,  |d 1889-1964. 
245 1 0 |a 'Who is Bharat Mata?' :  |b on history, culture and the idea of India : writings by and on Jawaharlal Nehru /  |c edited and with an introduction by Purushottam Agrawal. 
264 1 |a New Delhi :  |b Speaking Tiger,  |c 2019. 
300 |a lxi, 474 pages ;  |c 22 cm 
336 |a text  |b txt  |2 rdacontent 
337 |a unmediated  |b n  |2 rdamedia 
338 |a volume  |b nc  |2 rdacarrier 
530 |a Also available as an e-book. 
600 1 0 |a Nehru, Jawaharlal,  |d 1889-1964. 
651 0 |a India  |x History. 
700 1 |a Agravāla, Purushottama,  |e editor,  |e author of introduction, etc. 
906 |a 7  |b cbc  |c copycat  |d 3  |e ncip  |f 20  |g y-gencatlg 
942 |2 ddc  |c BK 
955 |b wd51 2019-10-16 to SELCOM  |i wd34 2019-11-22 to BCCD 
999 |c 314228  |d 314228 
952 |0 0  |1 0  |2 ddc  |4 0  |6 954_000000000000000_NEH  |7 0  |9 336019  |a ISL  |b ISL  |d 2020-11-25  |e Speaking Tiger, New Delhi  |g 599.00  |l 0  |o 954 NEH  |p ISL7760  |r 2020-11-25  |w 2020-11-25  |y BK